000 00924nas a2200301 4500
001 BR2016002186
003 BR-BrBNA
005 20231205130436.0
007 ta
008 230509b bl.|||p| |||| 00| 00por d
040 _aBR-BrBNA
_bpor
_cBiblioteca Nacional de Agricultura
041 _a(Pt)
072 _aL01; L70
100 1 _aMoura, E.S.R. de
100 1 _aAbrantes, M.R.
100 1 _aMendes, C. de G.
100 1 _aOliveira, A.R.M. de
100 1 _aSousa, E.S. de
100 1 _aSilva, J.B.A. da
245 1 _aPerfil higiênico-sanitário e perigos microbiológicos em abatedouros públicos
650 _aABATEDOURO
650 _aHIGIENE
650 _aAPPCC
650 _aSEGURANCA ALIMENTAR
773 0 _tRevista Brasileira de Medicina Veterinária (Brazil)
_xISSN 0100-2430
_g(Jul-Sep 2015), v. 37(3) p. 203-208
_wBR2016002186
909 _a202311
_bLúcia
_c55
_dLúcia Elande
942 _2AGRIS
_n0
_cANA
999 _c249473
_d249473